Estado y modelo económico en El Salvador
Zapisane w:
| 1. autor: | |
|---|---|
| Format: | Książka |
| Język: | Spanish |
| Wydane: |
San José: Costa Rica
CSUCA
|
| Hasła przedmiotowe: | |
| Etykiety: |
Dodaj etykietę
Nie ma etykietki, Dołącz pierwszą etykiete!
|
MARC
| LEADER | 00000nam a22000007a 4500 | ||
|---|---|---|---|
| 003 | cru CIDCACS/IIS | ||
| 005 | 20181205164136.0 | ||
| 008 | 181205b1990 CR ||||| |||| 00| 0 spa d | ||
| 999 | |c 41963 |d 41963 | ||
| 040 | |c cru CIDCACS/IIS | ||
| 090 | |a 03.02.01 R442e | ||
| 100 | 1 | |9 8078 |a Hernández, Carlos | |
| 245 | |a Estado y modelo económico en El Salvador |c Carlos Hernández | ||
| 260 | |a San José: Costa Rica |b CSUCA | ||
| 300 | |a páginas 83-147 | ||
| 650 | 0 | |9 243 |a ESTADO | |
| 650 | 0 | |9 71 |a DESARROLLO ECONOMICO Y SOCIAL | |
| 650 | 0 | |9 5371 |a ESQUIPULAS | |
| 942 | |2 ddc |c LI | ||
| 773 | 0 | |0 15062 |9 2489 |a Reuben Soto, Sergio |d San José: CSUCA. Secretaria General. Programa Centroamericano de Investigaciones |o 19523 |t Estado y Ajuste estructural en Centroamérica y el Caribe |w (cru CIDCACS/IIS)22173 |z 9977-02-003-5 | |



